000 00702nam a2200229 u 4500
005 20240320063636.0
008 160609s2007 mx r 000 0 spa d
020 _a9789707773806
035 _aUPN01000211306
049 _aI
050 4 _aPZ56.3
_bM3.6
100 1 _aMaubille, Jean,
_d1964-
_938945
245 1 1 _a¡Pequeños! ¡pequeños! /
_cJean Maubille ; tr. Sandra Sepúlveda.
260 _aMéxico :
_bOcéano,
_c2007.
300 _a9 p. [pleg.]
_bprincipalmente il. col.
440 0 _aTravesía
534 _pTítulo original:
_tPetits! petits!
650 4 _aCuentos infantiles belgas
_910768
650 0 _aAnimales
_vCuentos y leyendas
_9234
905 _aInfantil
999 _c183407
_d183407